[Event "GER-chT Christmas U16 Lasker"]
[Site "Playchess.com INT"]
[Date "2020.12.28"]
[Round "2.4"]
[White "Laudwein, Jakob"]
[Black "Nedilko, Marko"]
[Result "0-1"]
[WhiteElo "1559"]
[BlackElo "1407"]
[PlyCount "136"]
[EventDate "2020.12.28"]
[EventType "team-swiss (blitz)"]
[EventRounds "7"]
[EventCountry "GER"]
[SourceTitle "CBM 200 Extra"]
[Source "ChessBase"]
[SourceDate "2021.03.31"]
[SourceVersion "1"]
[SourceVersionDate "2021.03.31"]
[SourceQuality "1"]
[WhiteTeam "Koeln Porz"]
[BlackTeam "Kastellaun"]
[WhiteTeamCountry "GER"]
[BlackTeamCountry "GER"]

1. d4 g6 2. c4 Bg7 3. Nc3 c5 4. Nf3 d6 5. Bf4 Nf6 6. e3 Nc6 7. d5 Nb8 8. Be2 e5 9. dxe6 Bxe6 10. Qxd6 Qxd6 11. Bxd6 Nc6 12. Bxc5 b6 13. Bd6 Rd8 14. Rd1 Na5 15. b3 Nb7 16. Ba3 Rxd1+ 17. Bxd1 Ng4 18. Nb5 a6 19. Nc7+ Kd7 20. Nxe6 fxe6 21. 0-0 h5 22. Bc2 Rh6 23. Rd1+ Kc8 24. h3 Nf6 25. Ne5 Ne4 26. Bxe4 Bxe5 27. Be7 Rh7 28. Bg5 Nc5 29. Bc2 Kc7 30. Bd8+ Kb7 31. Bxg6 Rh6 32. Bc2 b5 33. cxb5 axb5 34. b4 Na6 35. Be4+ Kc8 36. Bg5 Rh8 37. Ra1 Bxa1 38. Bc2 Nxb4 39. Bb3 e5 40. Be6+ Kc7 41. Bb3 Kd6 42. a3 Nd3 43. a4 bxa4 44. Bxa4 Rg8 45. Bc2 e4 46. Bh4 Rc8 47. Bg3+ Kd5 48. Bb3+ Kc5 49. Be6 Re8 50. Bf7 Re7 51. Bxh5 Rb7 52. Bg4 Rb1+ 53. Kh2 Kd5 54. h4 Ne5 55. Bf5 Rb8 56. h5 Rh8 57. Bg6 Nxg6 58. Kg1 Rxh5 59. Bc7 Rh7 60. f3 Rxc7 61. fxe4+ Ke5 62. Kf2 Kxe4 63. g4 Rc2+ 64. Kg3 Kxe3 65. g5 Rc1 66. Kg4 Ke4 67. Kh5 Nf4+ 68. Kh6 Rh1# 0-1

[Event "GER-chT Christmas U16 Lasker"]
[Site "Playchess.com INT"]
[Date "2020.12.28"]
[Round "5.4"]
[White "Laudwein, Jakob"]
[Black "Pavlov, Liliane"]
[Result "0-1"]
[WhiteElo "1559"]
[BlackElo "1740"]
[PlyCount "76"]
[EventDate "2020.12.28"]
[EventType "team-swiss (blitz)"]
[EventRounds "7"]
[EventCountry "GER"]
[SourceTitle "CBM 200 Extra"]
[Source "ChessBase"]
[SourceDate "2021.03.31"]
[SourceVersion "1"]
[SourceVersionDate "2021.03.31"]
[SourceQuality "1"]
[WhiteTeam "Koeln Porz"]
[BlackTeam "Regensburg Bavaria"]
[WhiteTeamCountry "GER"]
[BlackTeamCountry "GER"]

1. d4 c5 2. d5 Nf6 3. c4 e6 4. Nc3 exd5 5. cxd5 Bd6 6. Nf3 0-0 7. Bg5 h6 8. Bh4 a6 9. a4 Bc7 10. e4 Re8 11. Bd3 d6 12. 0-0 Bg4 13. h3 Bh5 14. Be2 Nbd7 15. Qb3 Rb8 16. Rfe1 Ba5 17. Bd1 Qc7 18. Nd2 Bg6 19. Bc2 Bb4 20. Nf3 Bxc3 21. Qxc3 Nxe4 22. Bxe4 Bxe4 23. Qc4 Nb6 24. Qb3 Bxd5 25. Qc3 Bc6 26. Bg3 Nd5 27. Qd3 Rbd8 28. Rad1 Rxe1+ 29. Rxe1 Nb4 30. Qc3 Qb6 31. Bf4 Nd5 32. Qd2 Nxf4 33. Qxf4 Qxb2 34. Nh4 g5 35. Qf6 Qxf6 36. Nf3 Bxf3 37. gxf3 Qxf3 38. Re3 Qd1+ 0-1

[Event "GER-chT U14"]
[Site "Magdeburg"]
[Date "2019.12.30"]
[Round "7.5"]
[White "Laudwein, Jakob"]
[Black "Gilbert, Tim"]
[Result "1-0"]
[WhiteElo "1612"]
[BlackElo "1660"]
[PlyCount "107"]
[EventDate "2019.12.27"]
[EventType "team-swiss"]
[EventRounds "7"]
[EventCountry "GER"]
[SourceTitle "CBM 194 Extra"]
[Source "ChessBase"]
[SourceDate "2020.03.31"]
[SourceVersion "1"]
[SourceVersionDate "2020.03.31"]
[SourceQuality "1"]
[WhiteTeam "Porz SG"]
[BlackTeam "Erlangen"]
[WhiteTeamCountry "GER"]
[BlackTeamCountry "GER"]

1. d4 d5 2. c4 e6 3. Nc3 Nf6 4. Bg5 Be7 5. Nf3 0-0 6. e3 Nbd7 7. cxd5 exd5 8. Bd3 h6 9. Bh4 c6 10. 0-0 Re8 11. Qc2 Qc7 12. Bg3 Bd6 13. Bxd6 Qxd6 14. h3 c5 15. dxc5 Nxc5 16. Rfd1 b6 17. b4 Nxd3 18. Qxd3 Bb7 19. a3 Rad8 20. Rac1 Qe7 21. Qe2 Ne4 22. Nxe4 dxe4 23. Nd4 Rc8 24. Qb2 Qe5 25. Rxc8 Rxc8 26. Rc1 Rc7 27. Rxc7 Qxc7 28. Nf5 f6 29. Qb3+ Kh7 30. Qb1 Qe5 31. Nd4 Kh8 32. Qc2 Qe7 33. Nf5 Qe5 34. Nd4 Qe7 35. Qc4 Kh7 36. Qe6 Qxe6 37. Nxe6 Kg6 38. Nd4 a6 39. Kf1 f5 40. Ke2 Bd5 41. f3 Kf6 42. Kd2 Ke5 43. f4+ Kf6 44. Ke2 g5 45. g3 gxf4 46. gxf4 h5 47. h4 b5 48. Kd2 Be6 49. Nc6 Bd5 50. Nb8 Bb7 51. Nd7+ Ke6 52. Nc5+ Kd5 53. Nxb7 Kc4 54. Kc2 1-0